Preserving the global environment : (Record no. 5301)

MARC details
000 -LEADER
fixed length control field 00703cam a22002172 4500
001 - CONTROL NUMBER
control field 0000001533
005 - DATE AND TIME OF LATEST TRANSACTION
control field 20151217151819.0
008 - FIXED-LENGTH DATA ELEMENTS--GENERAL INFORMATION
fixed length control field 070314s xx 000 0 eng d
020 ## - INTERNATIONAL STANDARD BOOK NUMBER
International Standard Book Number 039396093 :
040 ## - CATALOGING SOURCE
Original cataloging agency KABU
Transcribing agency KABU
050 #0 - LIBRARY OF CONGRESS CALL NUMBER
Classification number HC110
Item number .E5P74
245 10 - TITLE STATEMENT
Title Preserving the global environment :
Remainder of title the challenge of shared leadership /
Statement of responsibility, etc. Jessica Tuchman, J. T. Mathews., editors.
260 ## - PUBLICATION, DISTRIBUTION, ETC. (IMPRINT)
Place of publication, distribution, etc. New York :
Name of publisher, distributor, etc. W.W. Norton,
Date of publication, distribution, etc. 1991.
300 ## - PHYSICAL DESCRIPTION
Extent 362 p.
650 #0 - SUBJECT ADDED ENTRY--TOPICAL TERM
Topical term or geographic name as entry element Environmental policy
Geographic subdivision United States.
-- 0000150349
700 1# - ADDED ENTRY--PERSONAL NAME
Personal name Tuchman, Jessica.
-- 0000150352
700 1# - ADDED ENTRY--PERSONAL NAME
Personal name Mathews, J. T.
-- 0000150353
908 ## - PUT COMMAND PARAMETER (RLIN)
Put command parameter 070314
950 ## - LOCAL HOLDINGS (RLIN)
-- 1
Holdings
Withdrawn status Lost status Source of classification or shelving scheme Not for loan Home library Current library Date acquired Total Checkouts Full call number Barcode Date last seen Price effective from Koha item type
    Library of Congress Classification   Kabarak, Main Campus Kabarak, Main Campus 17/12/2015   HC110 .E5P74 001383 02/08/2024 17/12/2015 General Collection
Designed with assistance from East African Informatics Ltd